Statystyki dla Quiz o Kirgistanie

Kliknij tutaj aby rozwiązać quiz!

Ogólne statystyki

  • Ten quiz został rozwiązany 102 razy
  • Średni wynik to 9 z 17

Statystyki odpowiedzi

WskazówkaOdpowiedź% Poprawnych
Jedyne państwo graniczące, które nie kończy się na "-stan"Chiny
96%
Drugi najczęściej używany językrosyjski
94%
Państwo, od którego Kirgistan uzyskał niepodległość w 1991 rokuZwiązek Radziecki
77%
StolicaBiszkek
72%
Metal, który stanowi 43% eksportu KirgistanuZłoto
67%
Kirgistan jest dalej od ____ niż jakikolwiek inny krajMorza
63%
Nielegalny, ale wciąż praktykowany sposób
na zdobycie panny młodej, znany jako "Ala kachuu”
Porwanie
55%
Typ mieszkania przenośnego przedstawiony na fladzeJurta
54%
Góry przebiegające przez KirgistanTienszan
43%
Druga największa grupa etniczna, około 14 procent populacji do niej należyUzbecy
38%
WalutaSom
37%
Drugie najludniejsze miasto
(Wskazówka: jest na 3 litery)
Osz
33%
"Ulak tartysh” to sport, w którym konni gracze
próbują umieścić tego typu zwierzę w bramce
Kozę
30%
Rewolucja 2005, która doprowadziła
do obalenia prezydenta Askara Akajewa
{Tulipanowa rewolucja}
w Kirgistanie
30%
Duże jezioro w całości położone w KirgistanieIssyk-kul
29%
W regionie Arslanbob występuje największy las tego typu orzechówOrzech włoski
22%
Epicki wiersz, który opowiada o powstaniu narodu kirgiskiego -
uważanego za ponad 1000
lat i 20 razy dłuższy niż Odyseja Homera
Manas
17%

Rozkład punktacji

Percentyl według liczby udzielonych odpowiedzi

Procent ludzi z każdym wynikiem

Twoja historia wyników

Nie rozwiązałeś tego quizu